|
|
|
|
| LEADER |
00000nam0a2200000 4500 |
| 001 |
153535 |
| 005 |
20231101221710.0 |
| 035 |
|
|
|a (RuTPU)RU\TPU\book\166564
|
| 090 |
|
|
|a 153535
|
| 100 |
|
|
|a 20090213d2008 km y0rusy50 ca
|
| 101 |
0 |
|
|a rus
|
| 102 |
|
|
|a RU
|
| 105 |
|
|
|a a z 001zy
|
| 200 |
1 |
|
|a Инструментальное производство в России
|f Г. В. Боровский
|
| 210 |
|
|
|a Москва
|c ВНИИинструмент
|d 2008
|
| 215 |
|
|
|a 160 с.
|c ил.
|
| 320 |
|
|
|a Библиогр.: с. 159-160.
|
| 330 |
|
|
|a В книге известного ученого, возглавляющего ОАО «ВНИИинструмент», рассматриваются задачи, стоящие перед инструментальной отраслью промышленности России, и основные пути их решения. На основе анализа потребностей отечественного машиностроения в высокопроизводительном современном инструменте предложены первоочередные шаги по его освоению. Определена необходимость участия отечественной инструментальной отрасли в технологическом перевооружении российских машиностроительных предприятий с учетом развития основных направлений их деятельности в ближайшей и среднесрочной перспективе. Установлены приоритеты в области создания системы снабжения инструментом отечественного машиностроения и в направлении обеспечения технологической независимости России с учетом использования инструмента в технологиях двойного назначения.
|
| 606 |
1 |
|
|a Инструментальное производство
|x Механизация
|2 stltpush
|3 (RuTPU)RU\TPU\subj\12683
|9 39425
|
| 610 |
1 |
|
|a инструментальная отрасль
|
| 610 |
1 |
|
|a металлообработка
|
| 610 |
1 |
|
|a машиностроение
|
| 610 |
1 |
|
|a Россия
|
| 610 |
1 |
|
|a режущие инструменты
|
| 610 |
1 |
|
|a режущие материалы
|
| 610 |
1 |
|
|a рынок
|
| 610 |
1 |
|
|a наукоемкий инструмент
|
| 610 |
1 |
|
|a производство
|
| 610 |
1 |
|
|a разработка
|
| 610 |
1 |
|
|a техническое регулирование
|
| 610 |
1 |
|
|a стандартизация
|
| 610 |
1 |
|
|a сертификация
|
| 675 |
|
|
|a 621.9.02.002
|v 3
|
| 700 |
|
1 |
|a Боровский
|b Г. В.
|g Георгий Владиславович
|
| 801 |
|
1 |
|a RU
|b 63413507
|c 20090213
|g PSBO
|
| 801 |
|
2 |
|a RU
|b 63413507
|c 20150707
|g PSBO
|
| 900 |
|
|
|a Технология машиностроения
|
| 900 |
|
|
|a Инструментальные системы машиностроительных производств
|
| 942 |
|
|
|c BK
|
| 959 |
|
|
|a 26/20090213
|d 2
|e 390,00
|f АНЛ:1
|f ЧЗТЛ:1
|